000 00555nam a2200229Ia 4500
003 OSt
005 20220924150824.0
006 a|||||r|||| 00| 0
007 ta
008 220923b |||||||| |||| 00| 0 tel d
024 _a334803
037 _cTextual
040 _aARTS
_cARTS
_btel
041 _2tel
_atel
082 _aK9795, 35L7
100 _aMetcalf C.L.
_9223003
245 0 _aKeetakaalu
260 _c1977
650 _aAGRICULTURE
_927
942 _hK9795, 35L7
_cTEXL
_2CC
999 _c464632
_d464632